|
|
|
|
| LEADER |
00000nam a2200000 a 4500 |
| 001 |
vtls008953350 |
| 003 |
SK-MaSNL |
| 005 |
20260426011919.0 |
| 008 |
070308s2006 xo o gr 000 0dslo |
| 015 |
|
|
|a SNBE2011/03-02670
|
| 020 |
|
|
|a (brož.)
|
| 040 |
|
|
|a SNK
|b slo
|c SNK
|e AACR2
|
| 041 |
0 |
|
|a slo
|
| 043 |
|
|
|a e-xo---
|
| 044 |
|
|
|a xo
|c SK
|
| 072 |
|
7 |
|a 73
|x Sochárstvo, keramika, porcelán, umelecké spracovanie kovov
|2 konspekt
|
| 080 |
|
|
|a 730(437.6)
|2 2001
|
| 080 |
|
|
|a 730.027.1-035.3
|2 2001
|
| 080 |
|
|
|a (437.6)
|2 2001
|
| 080 |
|
|
|a 72/76(437.6)
|2 2001
|
| 080 |
|
|
|a 72/76.031.2"18/20"
|2 2001
|
| 080 |
|
|
|a (083.824)
|2 2001
|
| 100 |
1 |
|
|a Ondrušeková, Anna
|4 aut
|4 pht
|9 13952
|
| 245 |
1 |
0 |
|a Miloslav Semančík
|c [text a foto Anna Ondrušeková]
|
| 246 |
1 |
1 |
|a Tatranské Vianoce Miloša Semančíka
|
| 250 |
|
|
|a [1. vyd.]
|
| 260 |
|
|
|a Poprad
|b Tatranská galéria
|c 2006
|
| 300 |
|
|
|a 1 zložený list ([6] s.)
|b fotogr.
|c 30 cm
|
| 366 |
|
|
|e 500 výt.
|
| 500 |
|
|
|a Vydané pri príležitosti jubilejnej výstavy pod názvom Tatranské Vianoce Miloša Semančíka (Vila Flóra Starý Smokovec 2006 - 2007)
|
| 500 |
|
|
|a Životopisné dáta, prehľad výstav a ocenení
|
| 600 |
1 |
7 |
|a Semančík, Miloslav,
|d 1947-
|2 SNKMA
|9 39162
|
| 648 |
|
7 |
|a 20.-21. stor.
|2 SNKPH
|9 270701
|
| 650 |
0 |
7 |
|a drevené plastiky
|2 SNKPH
|9 70300
|
| 650 |
0 |
7 |
|a slovenské výtvarné umenie
|2 SNKPH
|9 68597
|
| 650 |
0 |
7 |
|a insitné umenie
|2 SNKPH
|9 208408
|
| 650 |
0 |
7 |
|a slovenské sochárstvo
|2 SNKPH
|9 3052
|
| 651 |
|
7 |
|a Slovensko
|2 SNKPH
|9 14231
|
| 655 |
|
7 |
|a katalógy výstav
|2 SNKPH
|9 70445
|
| 999 |
|
|
|c 1083775
|d 1085705
|
| 952 |
|
|
|a SNK
|b SNK
|y PREZ
|7 0
|p 17A0543113
|o snkOSB 14786
|i snk2007/6507
|8 0
|0 0
|1 0
|4 0
|d 2007-03-08
|l 0
|r 2026-02-24 16:32:54
|w 2026-02-24
|
| 952 |
|
|
|a SNK
|b SNK
|y PREZ
|7 0
|p 17A0543115
|o snkOSB 14786 D1
|i snk2007/6508
|8 0
|0 0
|1 0
|4 0
|d 2007-03-08
|l 0
|r 2026-02-24 16:32:54
|w 2026-02-24
|